000 00956nam a22003137a 4500
003 CHAP
005 20220329134111.0
008 971013s1964 r 00010 d
010 _a15370
011 _a16342
035 _a20421
040 _cCHAP
082 _a633.1
_bG75 1964
100 0 0 _aGrillot, Georges.
_950732
245 _aVariétes selectionées de céréales cultivées au Maroc (blés, orges, avoines)
250 _a(2 ed.)
260 _aRabat :
_bInstitut National de la Recherche Agronomique,
_c1964
300 _a98 p.
_b: ilus
590 _aBATCH-UPD
_b10
_c20130109
_lUCH01
_h2308
590 _aBATCH-UPD
_b10
_c20130110
_lUCH01
_h1111
590 _aCONVERSION
_b10
_c20130109
_lUCH01
_h1310
650 1 4 _aAvena.
_98503
650 1 4 _aCereales.
_921370
650 1 4 _aTrigo.
_9114954
700 0 _aCazal, L.
_920638
901 _aBK
942 _cLIBRO
949 _a633.1 G75 1964
_bBC
_cLIBRO
_d33724000639217
_eLIBRO
_h22163
_i20421
_mD
_si
999 _c15370
_d15370